Paso a paso : (Registro nro. 3965)

Detalles MARC
000 -LEADER
fixed length control field 00777nam a2200241Ia 4500
003 - CONTROL NUMBER IDENTIFIER
control field OSt
005 - DATE AND TIME OF LATEST TRANSACTION
control field 20210212164911.0
008 - FIXED-LENGTH DATA ELEMENTS--GENERAL INFORMATION
fixed length control field 191128s2002 sp ao gr 000 0 spa d
020 ## - INTERNATIONAL STANDARD BOOK NUMBER
International Standard Book Number 8480555688
040 ## - CATALOGING SOURCE
Original cataloging agency CO-JMCR
Transcribing agency CO-JMCR
041 0# - LANGUAGE CODE
Language code of text/sound track or separate title spa
082 04 - DEWEY DECIMAL CLASSIFICATION NUMBER
Classification number 745.5 /
Item number Z12p
Edition number 23
100 1# - MAIN ENTRY--PERSONAL NAME
Personal name Zabala Conejero, Miriam,
Relator term autor
9 (RLIN) 13416
245 10 - TITLE STATEMENT
Title Paso a paso :
Remainder of title manualidades para niños /
Statement of responsibility, etc. Miriam Zabala Conejero
260 ## - PUBLICATION, DISTRIBUTION, ETC.
Place of publication, distribution, etc. Madrid :
Name of publisher, distributor, etc. Cultural,
Date of publication, distribution, etc. 2002
300 ## - PHYSICAL DESCRIPTION
Extent 3 volúmenes :
Other physical details fotografías a color ;
Dimensions 29 cm.
300 ## - PHYSICAL DESCRIPTION
Other physical details
505 1# - FORMATTED CONTENTS NOTE
Miscellaneous information v.2.
Formatted contents note La lana -- Fieltro/tela -- El modelado -- Técnicas naturales
650 14 - SUBJECT ADDED ENTRY--TOPICAL TERM
Topical term or geographic name entry element Trabajos manuales (Educación)
9 (RLIN) 13417
650 14 - SUBJECT ADDED ENTRY--TOPICAL TERM
Topical term or geographic name entry element Trabajos en papel
9 (RLIN) 13418
650 14 - SUBJECT ADDED ENTRY--TOPICAL TERM
Topical term or geographic name entry element Arte decorativo
9 (RLIN) 13419
942 ## - ADDED ENTRY ELEMENTS (KOHA)
Source of classification or shelving scheme Dewey Decimal Classification
Koha item type Books
Existencias
Withdrawn status Lost status Source of classification or shelving scheme Damaged status Not for loan Collection code Home library Current library Date acquired Source of acquisition Total Checkouts Total Renewals Full call number Barcode Date last seen Date last checked out Copy number Koha item type
    Dewey Decimal Classification     Non-fiction Biblioteca Pública José María del Castillo y Rada Biblioteca Pública José María del Castillo y Rada 08/06/2018 Donación 7 3 745.5 / Z12p 201808772 05/20/2025 05/19/2025 V.2 / Ej.1 Books